Thermodynamics (Record no. 8344)

000 -LEADER
fixed length control field 00603nam a2200217 i 4500
001 - CONTROL NUMBER
control field 8344
003 - CONTROL NUMBER IDENTIFIER
control field BD-DhUET
008 - FIXED-LENGTH DATA ELEMENTS--GENERAL INFORMATION
fixed length control field 770308s1978 nyua b 001 0 eng
020 ## - INTERNATIONAL STANDARD BOOK NUMBER
International Standard Book Number 0023355301
040 ## - CATALOGING SOURCE
Original cataloging agency DLC
Transcribing agency DLC
Modifying agency BD-DhUET
082 ## - DEWEY DECIMAL CLASSIFICATION NUMBER
Classification number 621.01
Item number FAI/1970
100 ## - MAIN ENTRY--PERSONAL NAME
Personal name Faires, Virgil Moring
245 10 - TITLE STATEMENT
Title Thermodynamics
Statement of responsibility, etc. by Virgil Moring Faires and Clifford Max Simmang
250 ## - EDITION STATEMENT
Edition statement 6th ed.
260 ## - PUBLICATION, DISTRIBUTION, ETC. (IMPRINT)
Place of publication, distribution, etc. New York
Name of publisher, distributor, etc. Macmillan
Date of publication, distribution, etc. 1970
300 ## - PHYSICAL DESCRIPTION
Extent xxiii, 647 p.
Other physical details ill.
Dimensions 26 cm.
504 ## - BIBLIOGRAPHY, ETC. NOTE
Bibliography, etc Includes bibliographies
650 #0 - SUBJECT ADDED ENTRY--TOPICAL TERM
Topical term or geographic name as entry element Thermodynamics
700 ## - ADDED ENTRY--PERSONAL NAME
Personal name Simmang, Clifford Max
942 ## - ADDED ENTRY ELEMENTS (KOHA)
Koha item type General Book
Holdings
Damaged status Sublocation or collection (holding branch) Price effective from Date acquired Koha normalized classification for sorting Shelving location Koha date last seen Not for loan Location (home branch) Koha full call number Lost status Koha item type Withdrawn status Source of classification or shelving scheme Copy number Piece designation (barcode)
 Central Library, BUET2015-01-202015-01-20621_010000000000000_FAI_1978Circulation section2015-01-20 Central Library, BUET621.01/FAI/1978 General Book  142943
 Central Library, BUET2024-12-111985-06-11621_010000000000000_FAI_1970Rental section2024-12-11 Central Library, BUET621.01 FAI/1970 Rental Item  ৬/ক-১63135
 Central Library, BUET2024-12-111985-06-11621_010000000000000_FAI_1970Rental section2024-12-11 Central Library, BUET621.01 FAI/1970 Rental Item  ৬/ক-২63136
 Central Library, BUET2024-12-111985-06-11621_010000000000000_FAI_1970Rental section2024-12-11 Central Library, BUET621.01 FAI/1970 Rental Item  ৬/ক-৩63137
 Central Library, BUET2024-12-111985-06-11621_010000000000000_FAI_1970Rental section2024-12-11 Central Library, BUET621.01 FAI/1970 Rental Item  ৬/ক-৪63138
 Central Library, BUET2024-12-111985-06-11621_010000000000000_FAI_1970Rental section2024-12-11 Central Library, BUET621.01 FAI/1970 Rental Item  ৬/ক-৫63139
 Central Library, BUET2024-12-111985-06-11621_010000000000000_FAI_1970Rental section2024-12-11 Central Library, BUET621.01 FAI/1970 Rental Item  ৬/ক-৬63140
 Central Library, BUET2024-12-111985-06-11621_010000000000000_FAI_1970Rental section2024-12-11 Central Library, BUET621.01 FAI/1970 Rental Item  ৬/ক-৭63141
 Central Library, BUET2024-12-111985-06-11621_010000000000000_FAI_1970Rental section2024-12-11 Central Library, BUET621.01 FAI/1970 Rental Item  ৬/ক-৮63142
 Central Library, BUET2024-12-111985-06-11621_010000000000000_FAI_1970Rental section2024-12-11 Central Library, BUET621.01 FAI/1970 Rental Item  ৬/ক-৯63143
 Central Library, BUET2024-12-111985-06-11621_010000000000000_FAI_1970Rental section2024-12-11 Central Library, BUET621.01 FAI/1970 Rental Item  ৬/ক-১০63144
 Central Library, BUET2024-12-111985-06-11621_010000000000000_FAI_1970Rental section2024-12-11 Central Library, BUET621.01 FAI/1970 Rental Item  ৬/ক-১১63145
 Central Library, BUET2024-12-111985-06-11621_010000000000000_FAI_1970Rental section2024-12-11 Central Library, BUET621.01 FAI/1970 Rental Item  ৬/ক-১২63146
 Central Library, BUET2024-12-111985-06-11621_010000000000000_FAI_1970Rental section2024-12-11 Central Library, BUET621.01 FAI/1970 Rental Item  ৬/ক-১৩63147
 Central Library, BUET2024-12-111985-06-11621_010000000000000_FAI_1970Rental section2024-12-11 Central Library, BUET621.01 FAI/1970 Rental Item  ৬/ক-১৪63148
 Central Library, BUET2024-12-111985-06-11621_010000000000000_FAI_1970Rental section2024-12-11 Central Library, BUET621.01 FAI/1970 Rental Item  ৬/ক-১৫63149
 Central Library, BUET2024-12-111985-06-11621_010000000000000_FAI_1970Rental section2024-12-11 Central Library, BUET621.01 FAI/1970 Rental Item  ৬/ক-১৬63150
 Central Library, BUET2024-12-111985-06-11621_010000000000000_FAI_1970Rental section2024-12-11 Central Library, BUET621.01 FAI/1970 Rental Item  ৬/ক-১৭63151
 Central Library, BUET2024-12-111985-06-11621_010000000000000_FAI_1970Rental section2024-12-11 Central Library, BUET621.01 FAI/1970 Rental Item  ৬/ক-১৮63152
 Central Library, BUET2024-12-111985-06-11621_010000000000000_FAI_1970Rental section2024-12-11 Central Library, BUET621.01 FAI/1970 Rental Item  ৬/ক-১৯63153
 Central Library, BUET2024-12-111985-06-11621_010000000000000_FAI_1970Rental section2024-12-11 Central Library, BUET621.01 FAI/1970 Rental Item  ৬/ক-২০63154